• 首页
  • 本馆介绍
  • 公告通知
  • 最新文献
  • 馆藏检索
  • 电子资源
  • 读者导购
  • 参考咨询
  • 我的图书馆
  • 登录
  • 详细信息显示
  • 放入我的书架
  • 预约/预借图书
  • 作者相关作品
  • 分类相关作品
  • 丛书相关作品
  • 出版社相关作品

书目信息

  • 表格格式
  • 工作单格式
  • 卡片格式
题名:
马克思青年时代
    
 
作者: 肖灼基 著
分册:  
出版信息: 郑州   河南人民出版社  1982
页数: 339页
开本: 21cm
丛书名:
单 册:
中图分类: A712
科图分类:
主题词: 马克思--传记 , 恩格斯--生平事迹 , 恩格斯--传记 , 列宁--生平事迹 , 列宁--传记 , 毛泽东--生平事迹 , 毛泽--传记 , 马克思--生事迹
电子资源:
ISBN:
000 00828nam0 2200313 45
001 0182006084
005 20060815165841.51
010    @dCNY1.04
091    @a1105.3
100    @a19950628d1982 em y0chiy0121 ea
101 0  @achi
102    @aCN@b410000
105    @af z 000zb
200 10 @a马克思青年时代@Ama ke si qing nian shi dai@f肖灼基著
210    @a郑州@c河南人民出版社@d1982
215    @a339页@c照片@d21cm
606 0  @a马克思@x传记
606 0  @a恩格斯@x生平事迹
606 0  @a恩格斯@x传记
606 0  @a列宁@x生平事迹
606 0  @a列宁@x传记
606 0  @a毛泽东@x生平事迹
606 0  @a毛泽@x传记
606 0  @a马克思@x生事迹
690    @aA712@v3
701  0 @a肖灼基@Axiao zhuo ji@4著
801  2 @aCN@bNLC@c20060815
801  0 @aCN@b上海图书馆@c20031225
905    @dA712@e20@f1@b170704@b80846@f1
    
    马克思青年时代/肖灼基著.-郑州:河南人民出版社,1982
    339页:照片;21cm
    
    
    ISBN :CNY1.04
    
●
相关链接 在E读中查询图书 在五车中查询图书 在当当中查询图书 在豆瓣中查询图书


正题名:马克思青年时代     索取号:A712/20         预约/预借

序号 登录号 条形码 馆藏地/架位号 状态 备注
1 0080645   000956344   第一借阅区/ [索取号:A712/20] 在馆    
2 0080646   001866788   密集书库/ [索取号:A712/20] 在馆    
3 0080647   000956228   第一样本阅览室/ [索取号:A712/20] 在馆    
4 0080648   000956184   第一借阅区/ [索取号:A712/20] 在馆    
5 0080649   001857342   密集书库/ [索取号:A712/20] 在馆    
6 0170703   001857681   密集书库/ [索取号:A712/20] 在馆    
7 0170704   001866742   密集书库/ [索取号:A712/20] 在馆    
8 0170705   001857725   密集书库/ [索取号:A712/20] 在馆    
9 0460426   204604268   密集书库/ [索取号:A712/20] 在馆    
唐山师范学院图书馆 欢迎您!
大连网信软件有限公司© 版权所有